MDQL
is popping MORE tags! Check the
thread
!
Quizzes
Events
Quiz Creation
Community
Videos
Private Events
Remove Ads
Sign In
Join for FREE
Feedback
Dark Mode
Quiz Categories
Sports
Geography
Music
Movies
Television
Just For Fun
Miscellaneous
History
Literature
Language
Science
Gaming
Entertainment
Religion
Holiday
For Kids
Quiz Lab
Recent
Popular Today
Quiz Kudos Today
Editor Picks
Curator Picks
Quizzes by...
Day
Popularity
Type
Ratings
Length
Year
Community
Subscriptions
Recent Discussions
Orange Saloon
Badges
Playlists
Quests
Create
Leaderboards
Showdown
Live 5
Trivia Bingo
Activity
Puzzle Library
Sporcle Events
Private Events
Virtual Trivia
Globe League
Become a Host
Pub Owners
SporcleCon
Opinionation
Our Games
Videos
Blog
Mobile Apps
Partnerships
Remove Ads and Go Orange
Feedback
Miscellaneous
Crossword
General Knowledge
Baby Names
Logo
Food
Cars
Numbers
Grab Bag
University
College
Popular
Company
Slogans
Restaurants
Justice
Letter
Miscellaneous
Crossword
General Knowledge
Baby Names
Logo
Food
Cars
Numbers
Grab Bag
University
College
Popular
Company
Slogans
Restaurants
Justice
Letter
Random Quiz
Search Sporcle
×
Quiz Lab
Quiz Lab
Miscellaneous
start
Type in answers that appear in a list
Type in answers that appear in a list
Classic
Best Score? Go Orange.
'C' Game II Stats
Answer the questions! It starts with a 'C'!
By
Solala
20m
86 Questions
72 Plays
72 Plays
72 Plays
Comments
Comments
Give Quiz Kudos
Give Quiz Kudos
-
- Ratings
hide this ad
Replay
Link that replays current quiz
Next Quiz
Link to next quiz in quiz playlist
You Got
0%
They Got
Avg Score
48%
Avg Friend Score
Upgrade to see
Score Distribution
Jump to the score distribution portion of the page
Score
0/86
Timer
20:00
0
Plays Today
Category
Answer
% Correct
Countries of the world
Central African Republic
97.2%
Elements
Carbon
88.7%
U.S Presidents (Surname)
Jimmy Carter
81.7%
Countries of the world
China
80.3%
U.S Presidents (Surname)
Calvin Coolidge
78.9%
Countries of the world
Cameroon
77.5%
U.S Presidents (Surname)
Bill Clinton
76.9%
Countries of the world
Chile
76.1%
Countries of the world
Canada
74.6%
Elements
Calcium
73.2%
U.S State Capitals
Columbus
73.2%
Countries of the world
Colombia
73.2%
Countries of the world
Czech Republic
71.8%
U.S State Capitals
Charleston
70.4%
Elements
Cadmium
69%
Big 4 Teams
Cubs
69%
U.S Presidents (Surname)
Grover Cleveland
69%
Countries of the world
Cambodia
69%
Countries of the world
Chad
69%
Elements
Copper
67.6%
Constellations
Cancer
67.6%
Countries of the world
Cuba
67.6%
Big 4 Teams
Cardinals
64.8%
U.S State Capitals
Columbia
64.8%
Countries of the world
Croatia
64.8%
Countries of the world
Cyprus
64.8%
Elements
Chlorine
63.4%
Elements
Cobalt
63.4%
U.S State Capitals
Carson City
63.4%
Category
Answer
% Correct
Countries of the world
Costa Rica
62%
U.S State Capitals
Concord
60.6%
Countries of the world
Comoros
60.6%
Big 4 Teams
Cavaliers
59.2%
Big 4 Teams
Chargers
59.2%
Countries of the world
Côte D'ivoire
57.7%
Oscar Winners: Best Picture
Chicago
57.7%
Big 4 Teams
Celtics
56.3%
Big 4 Teams
Colts
56.3%
U.S State Capitals
Cheyenne
56.3%
Big 4 Teams
Canucks
54.9%
Big 4 Teams
Clippers
54.9%
Oscar Winners: Best Picture
Casablanca
54.9%
Countries of the world
Cape Verde
53.5%
Big 4 Teams
Chiefs
52.1%
Oscar Winners: Best Picture
Crash
52.1%
Big 4 Teams
Cowboys
50.7%
Elements
Cesium
49.3%
Big 4 Teams
Canadiens
49.3%
Elements
Curium
47.9%
Elements
Californium
45.1%
Elements
Cerium
43.7%
Elements
Chromium
43.7%
Big 4 Teams
Capitals
43.7%
Elements
Copernicium
38%
Big 4 Teams
Coyotes
38%
Oscar Winners: Best Picture
Chariots of fire
36.6%
Pope names
Clement
35.2%
Oscar Winners: Best Picture
Cimarron
35.2%
Category
Answer
% Correct
Constellations
Cassiopeia
32.4%
Oscar Winners: Best Picture
Cavalcade
32.4%
Pope names
Constantine
29.6%
Constellations
Capricornus
29.6%
Pope names
Cornelius
25.4%
Constellations
Cygnus
25.4%
Constellations
Canis Major
23.9%
Constellations
Canis Minor
23.9%
Constellations
Cetus
23.9%
Constellations
Crux
22.5%
Pope names
Caius
21.1%
Constellations
Canes Venatici
21.1%
Pope names
Celestine
19.7%
Pope names
Conon
19.7%
Constellations
Carina
19.7%
Constellations
Centaurus
19.7%
Constellations
Cepheus
19.7%
Constellations
Circinus
19.7%
Constellations
Columba
19.7%
Constellations
Coma Berenices
19.7%
Constellations
Corona Australis
19.7%
Constellations
Corona Borealis
19.7%
Constellations
Corvus
19.7%
Constellations
Crater
19.7%
Pope names
Callixtus
18.3%
Constellations
Camelopardalis
18.3%
Constellations
Caelum
16.9%
Constellations
Chamaeleon
16.9%
Quiz Playlist
Details
Report
Send in Message
Add To Playlist
Classic:
Type in answers that appear in a list
Last Updated: Feb 16, 2017
Quiz Scoreboard
CHALLENGE
Sign Up to Join the Scoreboard
Show All
Scores
Hide
Comments
May contain spoilers
Recently Published
1-10 Letter E Words III
by El_Dandy
Language
2m
Street Fighter Characters
by Artimus82
Gaming
60s
College Basketball Coaching Resumes
by pancakes188
Sports
9m
More to Explore
Quiz From the Vault
Featured Blog Post
Where Did the Easter Bunny Come From?
hide this ad
You Might Also Like...
Tags
Category
start
Today's Top Quizzes in Miscellaneous
Browse Miscellaneous
hide this ad
Today's Top Quizzes in start
Browse start
Top Contributed Quizzes in Miscellaneous
1
5-to-1: Fast Food
2
The JOE quick-fire general knowledge quiz: Day 174
3
The JOE quick-fire general knowledge quiz: Day 173
4
5-to-1: Cocktails
5
The JOE quick-fire general knowledge quiz: Day 172
6
9x9 Crossword: Disney Movie Titles
7
9x9 Crossword: Charlie and the Chocolate Factory
8
Sunday Crossword: Famous Bodies of Water
9
The JOE quick-fire general knowledge quiz: Day 171
10
9x9 Crossword: Flags
Explore More
Trending Topics
Kpop
Disney
Marvel
Anime
Crossword
NBA
Harry Potter
Pokémon
Soccer
Country
NFL
Puzzle
The Office
Song
WWE
hide this ad
More By:
Solala
Quiz
Plays
Rating
Category
Featured
Created
Best Picture Oscar Winners A-Z
108
2.29
Movies
Jul 11, 2016
'B' Game II
86
4.50
Miscellaneous
Jul 17, 2016
'D' Game II
78
4.00
Miscellaneous
Jul 17, 2016
'C' Game II
72
4.00
Miscellaneous
Jul 17, 2016
'A' Game II
70
4.00
Miscellaneous
Jul 17, 2016
Go to Creator's Profile
Score Distribution
Quiz Creator Spotlight
Solala
Follow
Send a Message
Quizzes Created
-
Created Quiz Play Count
-
More By This Creator
Popular Quizzes Today
1
Find the US States - No Outlines Minefield
2
Find the Countries of Europe - No Outlines Minefield
3
The Countries of the World
4
Find the US States
5
Risky Map Clicking: Biggest States A-Z
6
US States
7
Popular People in 1961
8
Movies - When Are They Set?
More Miscellaneous Quizzes
Spain!
Curator's Pick
Trending Quizzes
Risky Map Clicking: Least Populous States A-Z
Billboard Blitz: Aretha Franklin
Famous Russians: Author or Composer?
1-10 Letter G Words
Countries of the World: 200 Million BC
Recently Updated
Leaping Animals
pecheneg
Reality TV Shows (A-Z)
bhenderson79
Rickey Henderson's Hall of Fame Teammates
pecheneg
Champions League XIs: Arsenal
pecheneg
Quick Pick: Celebrities in WWE's Hall of Fame
aduchscher
A-Z Keypad Blitz II
pecheneg
Multiple Oscar Actors
pecheneg
Mystery Phrase Blitz: Oscar 'Best Actors'
pecheneg
F. Scott Fitzgerald Novels
LTH
Pick 3 Villains
ddd62291
Trending Topics
Disney
Harry Potter
Marvel
Crossword
Anime
Kpop
NBA
The Office
Soccer
Country
Pokémon
Song
WWE
NFL
Puzzle
Your Account Isn't Verified!
In order to create a playlist on Sporcle, you need to verify the email address you used during registration. Go to your
Sporcle Settings
to finish the process.
Report this User
Report this user for behavior that violates our
Community Guidelines
.
Details:
Send Report
Go to the Sporcle.com Mobile Site →
Comments